[Event "Lippstadt 9th"]
[Site "Lippstadt"]
[Date "1999.08.01"]
[Round "10"]
[White "Matthias, Heiner"]
[Black "Naiditsch, Arkadij"]
[Result "0-1"]
[WhiteElo "2399"]
[BlackElo "2417"]
[Annotator "Alterman,B"]
[PlyCount "114"]
[EventDate "1999.07.22"]
[EventType "tourn"]
[EventRounds "11"]
[EventCountry "GER"]
[EventCategory "8"]
[SourceTitle "CBM 072"]
[Source "ChessBase"]
[SourceDate "1999.10.01"]
[SourceVersion "1"]
[SourceVersionDate "1999.10.01"]
[SourceQuality "1"]

1. e4 c5 2. Nc3 Nc6 3. Nge2 g6 4. d4 cxd4 5. Nxd4 Bg7 6. Nde2 d6 7. g3 h5 $6 {
[%mdl 16384] I don't like this move.Black only created himself a weakness on
the kingside.Better 7...Nf6} 8. h3 Nf6 9. Bg2 Bd7 10. b3 Rc8 11. Bb2 Nh7 {
Result of dubious strategy.Black King should stand on the centre.} 12. Qd2 Qa5
13. O-O-O Nf8 14. Kb1 Ne6 15. Nd5 Qxd2 16. Rxd2 Bxb2 17. Kxb2 h4 18. c4 $2 {
Dubious decision.White only help for black knight take for a full control
important central square  and open "H" file for the black passive rook.Much
better was} (18. g4 $1 g5 19. c4 Ne5 20. f4 gxf4 21. Nexf4 {And black has a
weak pawn on h4.}) 18... hxg3 19. fxg3 Ne5 20. h4 Nc5 21. Nd4 Ng4 22. Nc2 $2 {
[%mdl 8192] white overlooked a tactical point of last black's move.} Nf2 $1 {
[%csl Rd3][%cal Gf2e4,Gf2h1,Gc5e4]} 23. Rg1 Nfxe4 24. Re2 f5 25. b4 {White
need to attack the knight on c5 but this attempt doesn't help.Opening position
in the centre will be on the black favor.} Nd3+ 26. Kb3 Ne5 27. Bxe4 fxe4 28.
Rxe4 Bf5 {[%csl Rc4][%cal Gf5c2,Gc8c2,Re5c4]} 29. Re3 e6 30. Nf4 Nxc4 31. Rc3
Nd2+ 32. Kb2 Rxc3 33. Kxc3 Nf3 34. Rf1 Ke7 $1 {Most technical decision.White's
position hopeless.} 35. Rxf3 Rc8+ 36. Kb3 Bxc2+ 37. Kb2 Be4 38. Rc3 Rxc3 39.
Kxc3 e5 40. Nh3 d5 {Rest need no comment.Black's passed pawn in the centre
decide the game.} 41. Ng5 Bf5 42. a4 Bg4 43. Kd2 b6 44. a5 bxa5 45. bxa5 Kf6
46. Kd3 Bc8 47. Kd2 Kf5 48. Nf7 Be6 49. Nd8 Bd7 50. Nf7 d4 51. Nd6+ Ke6 52. Ne4
Bc6 53. Ng5+ Kf5 54. Nf7 e4 55. g4+ Kf4 56. Ng5 e3+ 57. Kd3 Bb5+ 0-1

[Event "Elgoibar 09th"]
[Site "Elgoibar"]
[Date "1999.??.??"]
[Round "7"]
[White "Sanz Alonso, Francisco Javier"]
[Black "Georgiev, Vladimir"]
[Result "0-1"]
[WhiteElo "2435"]
[BlackElo "2519"]
[Annotator "Alterman,B"]
[PlyCount "72"]
[EventDate "1999.11.??"]
[EventType "tourn"]
[EventRounds "9"]
[EventCountry "ESP"]
[EventCategory "9"]
[SourceTitle "CBM 075"]
[Source "ChessBase"]
[SourceDate "2000.04.05"]
[SourceVersion "1"]
[SourceVersionDate "2000.04.05"]
[SourceQuality "1"]

1. e4 c5 2. Nf3 Nc6 3. d4 cxd4 4. Nxd4 g6 5. Nc3 Bg7 6. Be3 Nf6 7. Nxc6 bxc6 8.
e5 Ng8 9. f4 f6 10. exf6 (10. Bc4 fxe5 11. O-O e4 12. f5 Nf6 13. fxg6 d5 14.
Rxf6 exf6 15. Nxd5 Be6 16. Nb6 Bxc4 17. Nxa8 Qxa8 18. Qd4 Be6 19. Qxe4 Qc8 20.
Rf1 O-O 21. gxh7+ Kh8 22. Bxa7 Bd5 23. Qh4 Re8 24. Re1 Rxe1+ {Dowling,
J-Kaliksteyn,A/Philadelphia 1999/EXT 2000/0-1 (34)}) 10... Nxf6 11. Be2 O-O 12.
O-O d6 $146 (12... Qa5 13. Qd2 Rb8 14. Rab1 d6 15. a3 Ng4 16. Bd4 Bxd4+ 17.
Qxd4 Qb6 18. Qxb6 axb6 19. Bf3 Bd7 20. Rbe1 Rf7 21. g3 h6 22. Ne4 Kf8 23. Re2
Nf6 24. Rfe1 Nxe4 25. Bxe4 Rf6 26. Bd3 e6 27. Rd2 {Fernandes,A-Andersson,U/
Novi Sad 1990/TD/1/2-1/2 (44)}) (12... Rb8 13. Bxa7 Rxb2 14. Bc4+ Kh8 15. Rb1
Qa5 16. Bd4 Rb4 17. Rxb4 Qxb4 18. Be2 Bb7 19. Qd3 Ba6 20. Qe3 Bxe2 21. Nxe2 Ng4
22. Bxg7+ Kxg7 23. Qc3+ Qxc3 24. Nxc3 Ne3 25. Re1 Nxc2 26. Rxe7+ Rf7 27. Re2 {
Bannik,A-Lein,A/Odessa 1955/EXT 99/0-1 (42)}) (12... d5 13. Bd4 Rb8 14. Rb1 a5
15. Kh1 Bf5 16. Bd3 Qd7 17. Na4 Ng4 18. Nc5 Qc8 19. Bxf5 Qxf5 20. h3 Nf6 21. g4
Qc8 22. Qe1 h5 23. Ne6 Rf7 24. Ng5 hxg4 25. Nxf7 Kxf7 26. f5 gxf5 27. Qh4 {
Edvardsson,K-Jonasson,B/Reykjavik 1994/CBM 39 ext/1/2-1/2 (60)}) 13. Bf3 Rb8
14. Na4 c5 15. c4 Qd7 $5 {[%cal Gf6g4,Gd7a4][%mdl 2048] Interesting idea of
Georgiev.} (15... Be6 16. Rc1 Qd7 17. b3 $11) 16. h3 Nh5 {[%csl Gf4]} 17. Rb1 (
17. Bxh5 gxh5 18. Rc1 Qf5 $15) 17... Ng3 18. Re1 Nf5 {[%csl Gd4][%cal Rf5e3]
Now black has unpleasant positional pressure.} 19. Bd2 (19. Bf2 Nd4 20. Bg4 Qe8
$15) 19... Nd4 20. Nc3 e6 (20... Nxf3+ 21. Qxf3 Bb7 22. Qe2 Rbe8 $15) 21. b3
Nxf3+ 22. Qxf3 Bb7 23. Qg3 Rf5 24. Ne4 Bd4+ 25. Kh1 Rbf8 26. Qg4 Kh8 27. Rbd1 (
27. Ng3 $1 R5f7 28. Ne4 $8) 27... Bc6 28. Bc1 (28. Ng3 $11) 28... e5 $2 {
[%mdl 8192]} 29. fxe5 Bxe5 30. Bh6 R8f7 31. Kg1 $2 {[%mdl 64]} (31. Nxc5 $1
dxc5 32. Rxe5 $1 Rxe5 33. Rxd7 $16) 31... Qc7 32. Kh1 $2 (32. Ng5 Re7 33. Nf3
$15) 32... Rf4 33. Bxf4 Rxf4 34. Qe6 Bxe4 35. Rxe4 Rxe4 36. Rf1 Kg7 0-1

[Event "RUS-Cup03 Geller Memorial"]
[Site "Moscow"]
[Date "1999.02.11"]
[Round "2"]
[White "Odeev, Handszar"]
[Black "Motylev, Alexander"]
[Result "0-1"]
[WhiteElo "2403"]
[BlackElo "2505"]
[Annotator "Alterman,B"]
[PlyCount "102"]
[EventDate "1999.02.10"]
[EventType "swiss"]
[EventRounds "9"]
[EventCountry "RUS"]
[SourceTitle "CBM 070"]
[Source "ChessBase"]
[SourceDate "1999.06.08"]
[SourceVersion "1"]
[SourceVersionDate "1999.06.08"]
[SourceQuality "1"]

1. e4 c5 2. Nf3 Nc6 3. d4 cxd4 4. Nxd4 g6 5. Nc3 Bg7 6. Nb3 Nf6 7. Bg5 d6 8.
Be2 (8. Qd2 Be6 (8... h6 9. Be3 Ng4 10. Bf4 a5 11. Bb5 Bd7 12. a4 Nb4 13. O-O
Ne5 14. Bxe5 Bxe5 15. Rad1 Bg7 16. Bxd7+ Qxd7 17. Nb5 O-O 18. Nxa5 Nxc2 19. Rc1
Rfc8 20. b3 Nd4 21. Nxd4 Rxc1 22. Rxc1 Bxd4 23. Nc4 $14 {Conquest,S-Pekarek,A/
CSR-ch int Prague 1989/EXT 89ch/1-0 (43)}) (8... a5 9. Bb5 O-O 10. f3 Ne5 11.
a4 Be6 12. Nd4 Qc8 13. Nxe6 fxe6 14. O-O Nc4 15. Bxc4 Qxc4 16. b3 Qc5+ 17. Be3
Bh6 18. Nd1 Rac8 19. c4 Bxe3+ 20. Qxe3 Nd7 21. Re1 Qb4 22. Nf2 e5 $11 {
Jurkovic,A-Malakhov,V/Lunigiana 1998/0-1 (57)}) 9. Be2 Rc8 10. O-O Ne5 11. Bb5+
Bd7 12. Bh6 O-O 13. Bxg7 Kxg7 14. Bxd7 Qxd7 {~~ Ivanovic,B-Velimirovic,D/
Jugoslavija (ch) 1983/Inf 35}) 8... O-O 9. Qd2 Be6 (9... a6 10. Bh6 b5 11. h4
b4 12. Bxg7 Kxg7 13. Nd5 Nxe4 14. Qe3 Nf6 15. Bf3 Bg4 16. Nxf6 Bxf3 17. Nxh7
Bxg2 18. Rg1 Rh8 19. Ng5 Bd5 20. O-O-O e6 21. Rg4 Bxb3 22. axb3 Qa5 23. Nxf7
Kxf7 24. Qf3+ Ke7 25. Qxc6 Rad8 26. Rxg6 $18 {1-0 Kuzmin,G-Faibisovich,V/PZU
op 1998 (54)}) 10. Bh6 $5 Bxh6 (10... Rc8 11. Bxg7 Kxg7 12. O-O $14 (12. h4 h5)
) 11. Qxh6 a5 12. Qe3 (12. a4 Bxb3 (12... Qb6) 13. cxb3 Qb6) 12... a4 13. Nd4
Nxd4 14. Qxd4 a3 (14... Qa5 15. a3 Rfc8 $11) 15. b4 {[%mdl 16384]} (15. b3 $142
) 15... Qc7 16. Bd3 Rfc8 17. Nb5 Qc6 18. O-O Nd7 19. Na7 Qc3 20. Qxc3 Rxc3 21.
Nb5 Rcc8 22. c3 Nb6 $15 {[%csl Rc4][%mdl 4096] Black has better endgame and
not too easy to find contrchance in the king side} 23. f3 Na4 24. Rfc1 Bd7 25.
Rc2 Nb2 (25... Bxb5 26. Bxb5 Nxc3 $4 (26... Rxc3 $4 27. Bxa4) 27. Rac1 $18) 26.
Be2 Ra4 27. Rac1 Nc4 28. Bxc4 Rxc4 29. Nd4 Ra8 30. Kf2 f5 31. exf5 gxf5 32. Rd2
Rac8 33. Ne2 Kf7 34. Rd5 b6 35. Ke3 R4c7 {[%csl Rc3][%cal Rd7e6,Ye6c4,Gc7c4,
Gc7c3,Yc4e2]} 36. Rc2 Kf6 $1 37. g3 $2 (37. Kd2 $8) 37... Bc6 38. Rd1 (38. Rdd2
Bb5 39. Kd4 e5+ 40. Ke3 Ke6 $19) 38... Ba4 $19 39. Kd2 e5 40. Rf1 Bxc2 41. Kxc2
d5 42. Kb3 d4 43. cxd4 exd4 44. Nxd4 Rc3+ 45. Ka4 Rd3 46. Ne2 Rd2 47. Nf4 Ra8+
48. Kb3 b5 49. Rb1 Rf2 50. Nd3 Rxf3 51. Kc2 Rc8+ 0-1

[Event "GER-ch 77th"]
[Site "Osterburg"]
[Date "2006.02.08"]
[Round "6"]
[White "Baramidze, David"]
[Black "Becker, Michael"]
[Result "1-0"]
[WhiteElo "2554"]
[BlackElo "2320"]
[Annotator "Atlas,V"]
[PlyCount "61"]
[EventDate "2006.02.03"]
[EventType "swiss"]
[EventRounds "9"]
[EventCountry "GER"]
[SourceTitle "CBM 112"]
[Source "ChessBase"]
[SourceDate "2006.06.07"]
[SourceVersion "1"]
[SourceVersionDate "2006.06.07"]
[SourceQuality "1"]

1. e4 c5 2. Nf3 Nc6 3. d4 cxd4 4. Nxd4 g6 5. Be2 Bg7 6. Nb3 Nf6 7. Nc3 O-O 8.
O-O a6 9. Re1 b5 10. Bf1 Bb7 11. Nc5 Bc8 12. e5 Nxe5 $6 (12... Ne8 {was to be
preferred.} {After} 13. Bf4 Nc7 14. Qd2 Ne6 {, Black has good counterchances.})
13. Rxe5 d6 14. Rd5 $1 Bg4 15. f3 Nxd5 16. Nxd5 $1 (16. Qxd5 {is strongly met
by} dxc5 17. fxg4 Bd4+ 18. Kh1 Bxc3 19. Qxd8 Raxd8 20. bxc3 Rd1 {, with a
dangerous initiative.}) 16... dxc5 17. fxg4 e6 18. Ne3 Qb6 (18... Qxd1 19. Nxd1
f5 {deserved a serious attention.}) 19. c3 Rad8 20. Qf3 f5 21. gxf5 gxf5 22. g3
Rd7 23. Ng2 $1 e5 24. a4 c4+ 25. Be3 Qg6 (25... Qe6 {was a better option.}) 26.
axb5 axb5 27. Ra5 e4 28. Qf2 Qc6 29. Be2 Be5 $2 ({Better was} 29... Kh8) 30.
Qf1 Bc7 $2 {The final mistake.} ({More tenacious was} 30... Kh8 {, although
after} 31. Bxc4 {White has good winning prospects.}) {[%tqu "En","How can
White finish the game?","Exploit the power of the battery on the diagonal
f1-a6.","Use your rook for the decisive blow.","a5b5","This simple and nice
move wins immediately.",4]} 31. Rxb5 $1 {[%csl Rc4,Rc6,Ge2,Gf1,Rg8][%cal Gf1c4]
Now the game is over:} ({Black resigned in view of} 31. Rxb5 Qxb5 (31... Rd3
32. Bxd3 cxd3 33. Rxf5) 32. Bxc4+) 1-0

[Event "EU-Cup 20th"]
[Site "Izmir"]
[Date "2004.10.07"]
[Round "5.2"]
[White "Golubev, Mikhail"]
[Black "Nedev, Trajce"]
[Result "1/2-1/2"]
[WhiteElo "2520"]
[BlackElo "2528"]
[Annotator "Bangiev,A"]
[PlyCount "53"]
[EventDate "2004.10.03"]
[EventType "team-swiss"]
[EventRounds "7"]
[EventCountry "TUR"]
[SourceTitle "CBM 104"]
[Source "ChessBase"]
[SourceDate "2005.01.27"]
[SourceVersion "1"]
[SourceVersionDate "2005.01.27"]
[SourceQuality "1"]
[WhiteTeam "Eynatten"]
[BlackTeam "Skopje"]
[WhiteTeamCountry "BEL"]
[BlackTeamCountry "MKD"]

1. e4 c5 2. Nc3 Nc6 3. Nge2 Nf6 4. g3 g6 5. d4 cxd4 6. Nxd4 Bg7 7. Nde2 b5 {
'!?' Der Vorstoß b5-b4 stellt hier ein wichtiges Element der schwarzen
Initiative am Damenflügel dar.} 8. Bg2 (8. Nxb5 Qa5+ 9. Nbc3 Nxe4) 8... Rb8 9.
O-O O-O 10. Nd5 {'!?'} Nxd5 (10... d6 11. c3 Nd7 12. Be3) 11. exd5 {Man
beachte: Schwarz verfügt über den d5-Raum nicht mehr, er sollte also den
e5-Raum sichern.} Ne5 12. Nd4 {'+/=' /\Re1} e6 {'!?'} (12... d6 13. Re1) 13.
Bf4 g5 {'!?' Damit möchte Schwarz den e5-Raum zu sichern..} 14. Bc1 {/\f4} f5 (
14... g4 15. Bf4) (14... Ng6 $2 15. Be3) 15. f4 gxf4 16. Bxf4 Rb6 17. dxe6 {
'?!'} (17. a4 bxa4 18. Rxa4 Rxb2 $132) (17. c3 $5 Bb7 18. Qe2 $14 {z.B.} Ng6
19. Be3) (17. Re1 Nc4) 17... dxe6 18. Bxe5 Bxe5 19. Nc6 Qc7 {'?!'} (19... Qxd1
20. Rfxd1 Bxb2 21. Rab1 Ba3 22. Nxa7 Bc5+ 23. Kh1 b4 $17 {Ich habe keine
Erklärung dafür, warum Schwarz diese offenbar günstige Variante nicht wählen
wollte.}) 20. Nxe5 Qxe5 21. c3 {'='} Rd6 22. Qh5 Rfd8 23. Rad1 (23. Rae1 Qf6)
23... Qe3+ 24. Kh1 Rxd1 25. Rxd1 Rxd1+ 26. Qxd1 Kg7 27. Qg1 1/2-1/2

[Event "LAT-ch"]
[Site "Latvia"]
[Date "1994.??.??"]
[Round "7"]
[White "Sokolovs, Andrei"]
[Black "Lutskan, Ilmars"]
[Result "1-0"]
[WhiteElo "2515"]
[BlackElo "2345"]
[Annotator "Boensch,U"]
[PlyCount "57"]
[EventDate "1994.??.??"]
[EventType "tourn"]
[EventRounds "11"]
[EventCountry "LAT"]
[EventCategory "7"]
[SourceTitle "CBM 041"]
[Source "ChessBase"]
[SourceDate "1994.08.01"]
[SourceVersion "1"]
[SourceVersionDate "1994.08.01"]
[SourceQuality "1"]

1. e4 c5 2. Nf3 Nc6 3. d4 cxd4 4. Nxd4 Nf6 5. Nc3 g6 6. Nxc6 bxc6 (6... dxc6 7.
Qxd8+ Kxd8 8. Bc4 Ke8 9. e5 $16) 7. e5 Nd5 $2 (7... Ng8 8. Bc4 Bg7 9. Bf4 $5 (
9. Qf3 f5 10. Bf4 $14) 9... Qa5 10. O-O Bxe5 11. Bxe5 Qxe5 12. Re1 Qf4 13. Re4
$1 Qf6 14. Re3 d5 15. Bxd5 $1 Bf5 16. Bf3 $16 {Timman,J-Kortschnoj,V (05)
Brussels cq2 1991 1/4 41}) 8. Nxd5 cxd5 9. Qxd5 Rb8 10. e6 $1 Bg7 $146 (10...
f6 11. Bf4 Rb4 12. O-O-O (12. Bd2 Rb6 13. Bb5 Rd6 14. Qc4 $18 {-ECO}) 12...
Rxf4 13. Bb5 Bh6 14. exd7+ Bxd7 15. Bxd7+ Kf8 16. Kb1 Rxf2 17. Qe6 Qb6 18. Bc6
Bd2 19. h4 Bc3 20. b3 Qb4 21. Bd5 {1-0 Varga,Zo-Barletta,A Budapest Schneider
mem op (1) 1991}) 11. exf7+ $18 Kf8 12. Bh6 $1 Bxh6 13. Qe5 Kxf7 14. Qxb8 Qa5+
15. c3 Qg5 16. Rd1 Qg4 17. Qb3+ e6 18. Qc4 Qg5 19. h4 Qe5+ 20. Be2 Rf8 21. h5
g5 22. Rh3 Kg8 23. Rf3 Rxf3 24. gxf3 Bb7 25. Rxd7 Bxf3 26. Qd3 Be4 27. Qd6 (27.
Qe3 $18) 27... Qf6 28. Rd8+ Bf8 29. Rxf8+ $1 (29. Rxf8+ Qxf8 30. Qxe6+ $18) 1-0

[Event "Hoogovens"]
[Site "Wijk aan Zee"]
[Date "1977.01.27"]
[Round "11"]
[White "Timman, Jan H"]
[Black "Miles, Anthony John"]
[Result "1-0"]
[WhiteElo "2590"]
[BlackElo "2555"]
[Annotator "Bulletin"]
[PlyCount "130"]
[EventDate "1977.01.14"]
[EventType "tourn"]
[EventRounds "11"]
[EventCountry "NED"]
[EventCategory "11"]
[SourceTitle "MCL"]
[Source "ChessBase"]
[SourceDate "1999.07.01"]
[SourceVersion "1"]
[SourceVersionDate "1999.07.01"]
[SourceQuality "1"]

1. e4 c5 2. Nf3 d6 3. Nc3 Nc6 4. d4 cxd4 5. Nxd4 g6 6. Be2 Bg7 7. Nb3 Bxc3+ 8.
bxc3 Nf6 9. Bh6 $5 Nxe4 10. Bf3 Nf6 (10... Nxc3 $2 11. Bxc6+ bxc6 12. Qd4 $18)
11. O-O Ne5 12. Re1 Nfg4 13. Bxg4 Nxg4 14. Bg7 Rg8 15. Bd4 Qc7 $6 (15... Nh6 $5
) 16. Nd2 Kf8 17. Ne4 d5 18. Ng3 e5 19. h3 $1 (19. Be3 $2 Nxe3 20. Rxe3 Be6)
19... exd4 20. hxg4 Qf4 $1 21. g5 $1 Be6 (21... Bg4 $1) 22. Ne2 Qxg5 23. Qxd4
Qf5 24. Qb4+ Kg7 25. Nd4 Qf6 26. Qxb7 Rgb8 $1 27. Qc7 (27. Nxe6+ Qxe6) 27...
Rc8 28. Qa5 Re8 29. Rab1 (29. Re3) 29... Re7 30. Re3 Rae8 31. Nc6 Rd7 32. Rbe1
h5 33. Nd4 Rde7 34. Qc5 h4 35. Qd6 h3 36. Qg3 Rh8 37. gxh3 Rh5 38. h4 Qxh4 $6 (
38... Rxh4 $5 39. Nf5+ $2 Bxf5 40. Rxe7 Rg4) 39. Nf5+ Bxf5 40. Qxh4 Rxh4 41.
Rxe7 Be4 $1 42. f3 Bxf3 43. Rf1 $1 Rg4+ $1 44. Kf2 Be4 45. Ke3 Bf5 46. Rxa7 Kf6
47. a4 Rc4 48. Kd2 g5 $2 (48... d4 $1 49. Rf3 $1 g5 50. Ra6+ Ke5 51. Ra5+) 49.
a5 g4 50. Rb7 $1 (50. a6 $6 g3 51. Rb7 g2) 50... Ra4 51. Rb4 Rxa5 52. Rbf4 (52.
Rxg4 $6 Ke5 53. Rgf4 Bg6 54. c4 Ra2 $1) 52... d4 53. Rxg4 (53. cxd4 $2 Kg5)
53... Ra2 (53... dxc3+ 54. Kxc3 Rc5+ 55. Rc4) 54. Rxd4 (54. Rgf4 $6 dxc3+ 55.
Kxc3 Rxc2+ 56. Kb4 Rb2+) 54... Rxc2+ 55. Kd1 Rg2 (55... Rxc3 $2 56. Rd5 $18)
56. Rd5 Rg5 57. c4 Ke6 58. Re1+ Kf6 59. Rf1 Ke6 60. Kc1 Kf6 61. Rf2 Kg6 62. Kd2
Be6 63. Rxg5+ Kxg5 64. c5 f5 65. c6 f4 1-0

[Event "CHN Masters (Women) 2nd"]
[Site "Jiangsu Wuxi"]
[Date "2012.04.12"]
[Round "3"]
[White "Ding, Yixin"]
[Black "Tan, Zhongyi"]
[Result "1-0"]
[WhiteElo "2350"]
[BlackElo "2438"]
[Annotator "CB"]
[PlyCount "71"]
[EventDate "2012.04.10"]
[EventType "tourn"]
[EventRounds "9"]
[EventCountry "CHN"]
[EventCategory "8"]
[SourceTitle "CBM 148 Extra"]
[Source "ChessBase"]
[SourceDate "2012.06.22"]
[SourceVersion "1"]
[SourceVersionDate "2012.06.22"]
[SourceQuality "1"]

1. e4 c5 2. Nf3 Nc6 3. d4 cxd4 4. Nxd4 g6 5. Nc3 Bg7 6. Be3 Nf6 7. Be2 O-O 8.
O-O d5 9. exd5 Nb4 10. d6 Qxd6 11. Ncb5 Qb8 12. c4 Nc6 13. Nxc6 bxc6 14. Nd4
Bd7 15. Qb3 Qc7 16. Qa3 Rfe8 17. h3 Ne4 18. Bd3 Nd6 19. c5 Nf5 20. Nxf5 gxf5
21. Rad1 Be6 22. Bd2 f4 23. Qa4 Be5 24. Rfe1 Bd5 25. Qc2 h6 26. Bh7+ Kf8 27.
Qf5 f6 28. Qg6 e6 {White showed her tactical acumen with} 29. Bxf4 $1 Bxf4 30.
Rxd5 $1 {The key} Qg7 (30... cxd5 {is also mate, it just takes a couple of
moves longer than exd5.} 31. Qg8+ Ke7 32. Qxe6+ Kd8 (32... Kf8 33. Qg8#) 33.
Qxe8#) (30... exd5 {is just mate with} 31. Qg8#) 31. Qxg7+ Kxg7 32. Rd7+ Kf8
33. Re4 $1 {The most precise.} Bg5 34. f4 f5 35. fxg5 $1 {Perfection to the
end, and an elegant finish.} fxe4 36. g6 (36. g6 {Black resigned since the
pawn endgame is dead lost after} Re7 37. Rxe7 Kxe7 38. g7 Kf7 39. g8=Q+ Rxg8
40. Bxg8+ Kxg8 41. Kf2 Kf7 42. Ke3 Kf6 43. Kxe4 $18) 1-0

[Event "Helsinki"]
[Site "Helsinki"]
[Date "1986.??.??"]
[Round "11"]
[White "Arnason, Jon Loftur"]
[Black "Hansen, Curt"]
[Result "1-0"]
[WhiteElo "2500"]
[BlackElo "2510"]
[Annotator "ChessBase"]
[PlyCount "101"]
[EventDate "1986.05.??"]
[EventType "tourn"]
[EventRounds "11"]
[EventCountry "FIN"]
[EventCategory "9"]
[SourceTitle "MCL"]
[Source "ChessBase"]
[SourceDate "1999.07.01"]
[SourceVersion "1"]
[SourceVersionDate "1999.07.01"]
[SourceQuality "1"]

1. e4 c5 2. Nf3 d6 3. d4 cxd4 4. Nxd4 Nf6 5. Nc3 g6 6. g3 Nc6 7. Nde2 Bg4 8.
Bg2 Qd7 9. h3 Be6 10. Nd5 Bg7 11. Nef4 (11. O-O Bxh3 12. Bxh3 Qxh3 13. Nc7+ Kd8
14. Nf4 Qc8 15. Nxa8 Nxe4 $17) 11... Bxd5 12. exd5 Ne5 13. O-O O-O 14. Be3 b5
$6 (14... Rfc8) 15. Bd4 Rab8 16. Re1 Qc7 17. b3 Nfd7 $2 18. Ne2 $1 Nf6 (18...
Nb6 19. f4 Ned7 20. Bxg7 Kxg7 21. Nd4 $16 {xc6}) 19. g4 e6 20. Nf4 (20. dxe6
fxe6 21. Bb2 b4 22. Nd4 $16) 20... Nexg4 (20... g5 $1 21. Nh5 Nxh5 22. gxh5 $13
) 21. hxg4 e5 22. g5 Ne8 (22... Nd7 23. Nh5 $1 $16) 23. Nxg6 $1 fxg6 24. Be3
Bh8 25. Rc1 Ng7 (25... b4 $1 $14) 26. c4 bxc4 27. Rxc4 Qd8 28. Qg4 Nf5 29. Rec1
Rf7 30. Rc6 Bg7 31. Be4 $6 (31. Bd2 $1 $16) 31... Nxe3 32. fxe3 Bf8 33. R1c2
Rb4 34. Rf2 Rxf2 35. Kxf2 Kg7 36. Ke2 Rb7 37. Rc8 Qd7 38. Qe6 Qf7 (38... Qxe6
39. dxe6 $18 {/\ Bd5}) (38... Qe7 39. Re8 Qf7 $1 (39... Qxg5 $2 40. Rxf8 Kxf8
41. Qc8+ $18)) 39. Rc1 Qe7 40. Rf1 Rc7 41. Rf6 a5 42. Kd2 (42. Rxg6+ $2 hxg6
43. Qxg6+ Kh8 44. Qh5+ Kg8 45. Bf5 Bg7 46. Be6+ Kf8 47. Qh7 Ke8 $19) 42... Qd7
43. Rf2 Qd8 44. Rf6 Qd7 45. Ke1 Qe7 46. Ke2 Qd7 47. Kf2 Qe7 48. Kg2 Rc3 $4 49.
Rxg6+ $1 hxg6 50. Qxg6+ Kh8 51. Bf5 $1 (51. Bf5 $1 Qg7 52. Qh5+ Kg8 53. Be6+)
1-0

[Event "Lisbon Masters"]
[Site "Lisbon"]
[Date "1996.??.??"]
[Round "1"]
[White "Santos, Carlos Pereira Dos"]
[Black "Fernandes, Antonio ETG"]
[Result "0-1"]
[WhiteElo "2330"]
[BlackElo "2380"]
[Annotator "Costa,L"]
[PlyCount "92"]
[EventDate "1996.??.??"]
[EventType "tourn"]
[EventRounds "9"]
[EventCountry "POR"]
[EventCategory "4"]
[SourceTitle "CBM 051 Extra"]
[Source "ChessBase"]
[SourceDate "1996.05.01"]
[SourceVersion "1"]
[SourceVersionDate "1996.05.01"]
[SourceQuality "1"]

1. e4 c5 2. Nf3 Nc6 3. d4 cxd4 4. Nxd4 g6 5. Nc3 Bg7 6. Be3 Nf6 7. Nxc6 bxc6 8.
e5 Ng8 9. f4 f6 {9...Nh6 Й outra opÇao.} 10. Bc4 Nh6 $146 {Uma lance novo.
Embora seja habitual Nh6 nesta linha, a sua combinaÇao com f6 Й invulgar e
nesta linha, tanto quanto podemos avaliar, constitui novidade.} 11. O-O Nf5 12.
Bc5 Qc7 13. g4 Nh6 14. exf6 Bxf6 15. Ne4 (15. g5 Bxc3 16. bxc3 Nf5 {nao
favorece as brancas.}) 15... Bg7 {[#]} 16. Nd6+ $2 (16. Qe2 $5) 16... exd6 17.
Bxd6 Qb6+ 18. Kg2 Kd8 $17 19. Rf3 $2 (19. Re1) 19... Nxg4 20. Qe1 Re8 21. Qh4+
Bf6 22. Qxg4 Qd4 $1 $19 23. Rd3 Qxc4 24. Rad1 Re6 (24... Qxc2+ $5) 25. Kg1 c5
26. c3 Ke8 27. Qh3 h5 (27... Be7 $5) 28. Qg2 Qe4 29. Qg3 $6 c4 30. Rf3 Bb7 31.
f5 {[#]} g5 (31... Qxf3 $5 32. Qxf3 Bxf3) 32. fxe6 Qxf3 33. Rf1 Qxg3+ 34. hxg3
Be7 35. Bxe7 Kxe7 36. Rf5 Kxe6 37. Rxg5 Bf3 38. Kf2 Bg4 39. Rc5 d5 40. Ke3 Kd6
41. Ra5 Re8+ 42. Kf4 Re4+ 43. Kg5 Re5+ 44. Kf6 Re6+ 45. Kf7 Re7+ 46. Kf6 Rb7
0-1

[Event "Interzonal-15"]
[Site "Manila"]
[Date "1990.??.??"]
[Round "2"]
[White "Rachels, Stuart"]
[Black "Petursson, Margeir"]
[Result "1-0"]
[WhiteElo "2475"]
[BlackElo "2550"]
[Annotator "Ftacnik,L"]
[PlyCount "77"]
[EventDate "1990.06.29"]
[EventType "swiss"]
[EventRounds "13"]
[EventCountry "PHI"]
[SourceTitle "CBM 019"]
[Source "ChessBase"]
[SourceDate "1990.12.01"]
[SourceVersion "1"]
[SourceVersionDate "1990.12.01"]
[SourceQuality "1"]

1. e4 c5 2. Nf3 Nc6 3. d4 cxd4 4. Nxd4 g6 5. Nc3 Bg7 6. Be3 Nf6 7. Nxc6 bxc6 8.
e5 Nd5 9. Nxd5 cxd5 10. Qxd5 Rb8 11. Bxa7 Rxb2 12. Bd4 Rxc2 (12... Rb4 13. c3
Rb2 14. c4 $1 (14. Bc4 O-O 15. O-O Bb7 16. Qc5 Qa8 $1) 14... e6 (14... Bb7 15.
Qc5 d6 16. Qa3 $18) 15. Qa8 $8 Rb7 16. Be2 $16) 13. Bd3 e6 (13... Rc6 $6 14.
O-O Ba6 (14... O-O 15. a4 (15. Bb5 $6 Re6 $1) 15... Bb7 16. Qb3 $14) 15. Bxa6
Rxa6 16. Qb5 Rc6 (16... Qa8 $2 17. e6 $1 $18) 17. a4 $14) 14. Qa8 Rc6 15. Bb5
$5 (15. O-O Ba6 $10) 15... Ra6 16. Bxa6 Qa5+ 17. Kf1 O-O 18. Qa7 $1 Bxa6+ 19.
Kg1 Rc8 $2 (19... Qd2 $2 20. h4 Bb5 21. Qc5 Bc6 22. Qc3 Qe2 23. Qe3 $16) (19...
Bxe5 20. h4 Qd5 $1 21. Bxe5 Bb7 $1 22. Rh2 Qxe5 23. Rd1 Bc6 24. Qd4 Qxd4 25.
Rxd4 Ra8 26. Rd2 Bd5 27. Rh3 Rxa2 28. Rxa2 Bxa2 29. Ra3 Bd5 30. f4 $10) 20. h4
h5 (20... Bxe5 21. h5 $1 $16 {<=>} Bb8 $2 22. Qxd7 Rd8 23. hxg6 $1 $18) 21. Rh3
Bxe5 22. Rf3 $16 Bxd4 23. Qxd4 d5 24. Qf6 Qc7 25. Re1 Qd7 26. Re5 (26. g4 $6
hxg4 27. h5 gxh5 28. Re5 Rc1+ 29. Kh2 Qc7 30. Rf4 Rc4) 26... Rc1+ 27. Kh2 Rc7 (
27... Rc4 28. Rg3 Rg4 29. Rxg4 hxg4 30. h5 $18) 28. Rg3 Qe7 $8 29. Rxe6 $1 Qxf6
(29... Qxe6 30. Qd8+ Kg7 31. Qxc7 $18) 30. Rxf6 Bc4 31. Rc3 Ra7 32. a3 Kf8 33.
Rb6 Be2 (33... Ke7 34. Kg3 (34. Re3+ Kd7 35. Rf6 $5 d4 36. Re4 Rxa3 37. Rxd4+
Ke7)) 34. Re3 Bc4 35. Rd6 Rb7 36. Kg3 Rb2 37. Rd8+ Kg7 38. Rc3 $1 (38. Rd7 $6
Rd2 39. Rf3 d4 40. Rf4 Rd3+ 41. Rf3 Rd2) 38... Ra2 (38... Rd2 $2 39. Rxc4 Rd3+
40. Kf4 $18) (38... Kf6 39. Rd7 Ke6 40. Rc7 $18) 39. Rd7 $138 1-0